00962nam a2200253Ia 4500001001100000003000800011006001900019007001500038008004100053040002100094035002100115050002400136100001500160245006800175260004400243300001100287533015200298650003300450650003700483655002900520710001700549856012500566999001700691ebr5000667CaPaEBRm u cr cn|||||||||971215s2001 vau s 000 0 eng d aCaPaEBRcCaPaEBR a(OCoLC)68063225514aB560.E5bD63 2001eb0 aEpictetus.14aThe Discourses.nBook Ih[electronic resource] /cby Epictetus. aBlacksburg, VA :bVirginia Tech,c2001. a172 p. aElectronic reproduction.bPalo Alto, Calif. :cebrary,d2013.nAvailable via World Wide Web.nAccess may be limited to ebrary affiliated libraries. 0aEthicsvEarly works to 1800. 0aPhilosophyvEarly works to 1800. 7aElectronic books.2local2 aebrary, Inc.40uhttp://site.ebrary.com/lib/rucke/Doc?id=5000667zAn electronic book accessible through the World Wide Web; click to view c17877d17877